UBT Library

CHILD GROWTH AND DEVELOPMENT (Record no. 59074)

000 -LEADER
fixed length control field 00332nam a22001457a 4500
008 - FIXED-LENGTH DATA ELEMENTS--GENERAL INFORMATION
fixed length control field 221202b ||||| |||| 00| 0 eng d
020 ## - INTERNATIONAL STANDARD BOOK NUMBER
International Standard Book Number 9780697391346
041 ## - LANGUAGE CODE
Language code of text/sound track or separate title eng
080 ## - UNIVERSAL DECIMAL CLASSIFICATION NUMBER
Universal Decimal Classification number 616.053
082 ## - DEWEY DECIMAL CLASSIFICATION NUMBER
Classification number 616.053 JUN
100 ## - Rafti
Rafti 14.2
101 ## - Shkurtesa
Shkurtesa PEDIA
245 ## - TITLE STATEMENT
Title CHILD GROWTH AND DEVELOPMENT
Statement of responsibility, etc JUNN N E
942 ## - ADDED ENTRY ELEMENTS (KOHA)
Source of classification or shelving scheme
Item type Books
Holdings
Withdrawn status Lost status Source of classification or shelving scheme Damaged status Not for loan Collection code Permanent location Current location Date acquired Total Checkouts Full call number Barcode Date last seen Price effective from Koha item type
          Koleksioni i përgjithshem UBT - Lipjan UBT - Lipjan 12/02/2022   616.053 JUN 002-800028700260934 12/02/2022 12/02/2022 Books
UBT Library © 2015-2024. All rights reserved University Education for Business and Technology